Analýza a návrh podsystému Evidencia majetku = Analysis and design of Inventory records keeping : Diplomová práca /

Gespeichert in:
Bibliographische Detailangaben
1. Verfasser: Lang, Radoslav (Verfasst von)
Weitere Verfasser: Šafaříková, Daniela (Betreuung Doktorarbeit)
Format: Manuskript Buch
Veröffentlicht: Bratislava : STU v Bratislave FEI, 1997
Schlagworte:
Tags: Tag hinzufügen
Keine Tags, Fügen Sie das erste Tag hinzu!

MARC

LEADER 00000ntm a22000003a 4500
001 stu10021
005 20160719164948.2
008 970707s1997----------------------------d
040 |a STU  |b slo 
041 0
100 1 |a Lang, Radoslav  |4 aut 
245 1 |a Analýza a návrh podsystému Evidencia majetku = Analysis and design of Inventory records keeping :  |b Diplomová práca /  |c [aut.] Lang,Radoslav; Škol. řafaříková,Daniela 
260 |a Bratislava :  |b STU v Bratislave FEI,  |c 1997 
300 |a 63 s :  |b príl +  |c disketa 
650 7 |a informatika  |2 stusub 
700 1 |a Šafaříková, Daniela  |4 ths 
996 |b EDIPL-5331  |c I*DIPL-5331  |l II680  |s A  |a 24  |w stu10021_0001